All MCU Heroes By Movie/Show - Statistics

General Stats
  • This quiz has been taken 386 times
  • The average score is 239 of 394
Answer Stats
Hint Answer % Correct
Avengers: Age Of Ultron | Avengers: Infinity War | Iron Man | +3 others Iron Man
100%
Black Widow
94%
The Incredible Hulk Hulk
94%
| Avengers: Endgame | Captain America: Civil War | +2 others Captain America
93%
Thor | Thor: Love And Thunder | Thor: Ragnarok | Thor: The Dark World Thor
93%
Yelena Bolova
92%
War Machine
91%
Loki
90%
Nick Fury
89%
Peter Parker
89%
Spider-Man
89%
Ant-Man | Ant-Man And The Wasp Ant-Man
88%
Gamora
88%
Groot
88%
Pepper Potts
88%
Guardians Of The Galaxy | Guardians Of The Galaxy Vol. 2. | Guardians Of The Galaxy Vol. 3. Star-Lord
88%
Hank Pym
87%
Hawkeye
87%
Winter Soldier
87%
Black Panther
85%
Rocket
85%
Falcon
84%
Drax
83%
Scarlet Witch
83%
Wasp
83%
Doctor Strange | Doctor Strange In The Multi-Verse Of Madness Doctor Strange
82%
Iron Patriot
82%
Jim Rhodes
80%
Vision
80%
Captain Marvel | Captain Marvel 2 Captain Marvel
79%
Nebula
78%
Odin
77%
Mantis
74%
Quicksilver
74%
Shuri
73%
Jane Foster
71%
Daredevil | The Defenders Daredevil
69%
Bucky Barnes
68%
Jessica Jones Jessica Jones
68%
Luke Cage
68%
Valkyrie
67%
Wong
67%
Iron Fist Iron Fist
66%
Maria Hill
66%
Ms. Marvel
66%
Punisher Punisher
66%
Agent Carter
65%
Happy Hogan
63%
Okoye
62%
Blade Blade
60%
Yondu
60%
Human Torch
57%
Fantastic Four Mr. Fantastic
57%
Frigga
56%
Betty Ross
55%
Sif
55%
Ancient One
54%
Ironheart Ironheart
54%
Heimdall
53%
Invisible Woman
53%
Thing
53%
Cloak And Dagger Cloak
51%
Dagger
51%
Howard The Duck
51%
Korg
50%
Sharon Carter
48%
Ned Leeds
46%
Erik Selvig
45%
Erik Selvig
45%
M'Baku
45%
Monica Rambeau
45%
Agent Coulson
43%
Darcy Lewis
43%
Red Guardian
41%
Michelle Jones
39%
Volstagg
39%
Howard Stark
38%
Sharon Carter
38%
Ghost
36%
Janet Van Dyne
36%
The Inhumans Black Bolt
35%
Fandral
35%
Hogun
35%
Kraglin
33%
Luis
32%
Talos
30%
Hope Van Dyne
29%
Christine Palmer
28%
Elektra
28%
America Chavez
27%
Cassie Lang
26%
Maria Rambeau
26%
May Parker
26%
Quake
26%
Medusa
25%
Ayo
23%
Ramonda
23%
U.S. Agent
23%
Cosmo The Dog
22%
Flash Thompson
22%
Dum Dum Dugan
21%
Jimmy Woo
21%
Ho Yinsen
20%
Bill Foster
19%
Morgan Stark
18%
Skurge
18%
Betty Brant
17%
Melinda May
17%
Harley Keener
16%
Crystal
15%
Lockjaw
15%
Meik
15%
Jemma Simmons
14%
Karl Mordo
14%
Novaprime
14%
Bruce Banner
13%
Leo Fitz
13%
What If...? Uatu The Watcher
13%
W'Kabi
13%
Karnak
12%
Edwin Jarvis
11%
Ghostrider
11%
Gorgon
11%
Hellcat
11%
Triton
10%
Abraham Erskine
9%
Colleen Wing
9%
Eitri
9%
Mobius M. Mobius
9%
N'Jobu
9%
Maya Hansen
8%
Mockingbird
8%
Samuel Sterns
8%
Everett K. Ross
7%
Liz Allen
7%
Stakar Ogord
7%
Gabe Jones
6%
Night Nurse
6%
Rhomann Dey
6%
Chester Philips
5%
Deathlok
5%
Lincoln Campbell
5%
Agent Sitwell
4%
Charlie-27
4%
Agent Williams
2%
Auran
2%
Agent Koenig
1%
Bill Paxton
1%
Gordon
1%
No matching quizzes found
Score Distribution
Percent of People with Each Score
Percentile by Number Answered
Your Score History
You have not taken this quiz